[Event "THA-ch"]
[Site "Bangkok"]
[Date "2019.05.04"]
[Round "8"]
[White "Arunnuntapanich, Tinnakrit"]
[Black "Klubwong, Prakarn"]
[Result "1-0"]
[WhiteElo "2004"]
[BlackElo "1822"]
[PlyCount "61"]
[EventDate "2019.05.01"]
[EventType "swiss"]
[EventRounds "9"]
[EventCountry "THA"]
[SourceTitle "CBM 190 Extra"]
[Source "ChessBase"]
[SourceDate "2019.07.15"]
[SourceVersion "1"]
[SourceVersionDate "2019.07.15"]
[SourceQuality "1"]

1. d4 d5 2. c4 c6 3. Nc3 Nf6 4. Nf3 dxc4 5. a4 Bf5 6. e3 e6 7. Bxc4 Bb4 8. 0-0 0-0 9. Qb3 a5 10. Na2 Na6 11. Nxb4 Nxb4 12. Bd2 Qe7 13. Bxb4 axb4 14. Ne5 Rfc8 15. Bd3 Bxd3 16. Nxd3 Ra5 17. Qxb4 Qxb4 18. Nxb4 Rca8 19. b3 Ne4 20. Rfd1 f5 21. Rac1 Kf7 22. f3 Nf6 23. Kf2 g5 24. Nd3 Ke7 25. Ne5 Rd8 26. Rxc6 Nd7 27. Rc7 Ke8 28. Nc4 Ra7 29. Nd6+ Kf8 30. d5 Nf6 31. dxe6 1-0

[Event "THA-ch"]
[Site "Bangkok"]
[Date "2019.05.01"]
[Round "2"]
[White "Klubwong, Prakarn"]
[Black "Kulpruethanon, Thanadon"]
[Result "0-1"]
[WhiteElo "1822"]
[BlackElo "2270"]
[PlyCount "80"]
[EventDate "2019.05.01"]
[EventType "swiss"]
[EventRounds "9"]
[EventCountry "THA"]
[SourceTitle "CBM 190 Extra"]
[Source "ChessBase"]
[SourceDate "2019.07.15"]
[SourceVersion "1"]
[SourceVersionDate "2019.07.15"]
[SourceQuality "1"]

1. d4 Nf6 2. Bf4 d5 3. e3 c5 4. c3 Nc6 5. Nd2 e6 6. Ngf3 Nh5 7. Bg5 f6 8. Bh4 cxd4 9. cxd4 g6 10. Bd3 Be7 11. a3 0-0 12. h3 Rf7 13. g4 Ng7 14. Bg3 Bd6 15. Bxd6 Qxd6 16. Qe2 e5 17. dxe5 fxe5 18. e4 Ne6 19. 0-0-0 Ncd4 20. Qe3 Qc5+ 21. Kb1 Nxf3 22. exd5 Qxe3 23. fxe3 Nxd2+ 24. Rxd2 Nc5 25. Bc4 Ne4 26. Rc2 Nd6 27. Ba2 Bd7 28. Rhc1 Rf3 29. Rc3 Rxh3 30. Rf1 Rf8 31. Rg1 Rhf3 32. Kc2 Ba4+ 33. Bb3 Rf2+ 34. Kc1 Rf1+ 35. Rxf1 Rxf1+ 36. Kc2 Rf2+ 37. Kc1 Bxb3 38. Rxb3 h5 39. gxh5 gxh5 40. e4 h4 0-1

[Event "THA Amatuer-ch"]
[Site "Thailand"]
[Date "2019.02.18"]
[Round "3"]
[White "Burbach, Brunel Baron"]
[Black "Klubwong, Prakarn"]
[Result "1/2-1/2"]
[WhiteElo "1694"]
[BlackElo "1826"]
[PlyCount "52"]
[EventDate "2019.02.16"]
[EventType "swiss"]
[EventRounds "7"]
[EventCountry "THA"]
[SourceTitle "CBM 189 Extra"]
[Source "ChessBase"]
[SourceDate "2019.06.03"]
[SourceVersion "1"]
[SourceVersionDate "2019.06.03"]
[SourceQuality "1"]

1. e4 e5 2. Nf3 Nc6 3. Bc4 Bc5 4. c3 Qe7 5. 0-0 d6 6. d4 Bb6 7. d5 Nb8 8. a4 a6 9. a5 Ba7 10. b4 Nf6 11. Qc2 0-0 12. Kh1 Nh5 13. Be2 Nd7 14. Ng5 Nf4 15. Bxf4 exf4 16. Nf3 Ne5 17. Nxe5 Qxe5 18. Nd2 Qf6 19. Rae1 Bd7 20. Bd3 g6 21. f3 Rfe8 22. Re2 Qg7 23. Nc4 Bb5 24. Nb2 Bd7 25. Nc4 Bb5 26. Nb2 Bd7 1/2-1/2

[Event "THA Amatuer-ch"]
[Site "Thailand"]
[Date "2019.02.16"]
[Round "1"]
[White "Samatthanan, Theerath"]
[Black "Klubwong, Prakarn"]
[Result "0-1"]
[WhiteElo "1199"]
[BlackElo "1826"]
[PlyCount "48"]
[EventDate "2019.02.16"]
[EventType "swiss"]
[EventRounds "7"]
[EventCountry "THA"]
[SourceTitle "CBM 189 Extra"]
[Source "ChessBase"]
[SourceDate "2019.06.03"]
[SourceVersion "1"]
[SourceVersionDate "2019.06.03"]
[SourceQuality "1"]

1. e4 e5 2. Nf3 Nc6 3. d4 exd4 4. Bc4 Bc5 5. c3 d3 6. Qxd3 d6 7. 0-0 Nge7 8. Bg5 0-0 9. a4 a5 10. Rd1 Qe8 11. Bb5 Bd7 12. Nbd2 Ng6 13. Nb3 Bb6 14. Re1 Nge5 15. Nxe5 Nxe5 16. Qe2 f5 17. Bf4 fxe4 18. Bg3 c6 19. Bxe5 Qxe5 20. Bc4+ d5 21. Bd3 Rxf2 22. Qxf2 Bxf2+ 23. Kxf2 Qf6+ 24. Kg1 exd3 0-1